|
|
|
|
| LEADER |
00000nam0a2200000 4500 |
| 001 |
78328 |
| 005 |
20231101213002.0 |
| 035 |
|
|
|a (RuTPU)RU\TPU\book\83942
|
| 090 |
|
|
|a 78328
|
| 100 |
|
|
|a 20050616d1981 km y0rusy50 ca
|
| 101 |
0 |
|
|a rus
|
| 102 |
|
|
|a RU
|
| 105 |
|
|
|a a z 001zy
|
| 200 |
1 |
|
|a Структура и свойства теплостойких полимеров
|f А. А. Аскадский
|
| 210 |
|
|
|a Москва
|c Химия
|d 1981
|
| 215 |
|
|
|a 320 с.
|c ил.
|
| 320 |
|
|
|a Библиография в конце глав.
|
| 320 |
|
|
|a Предметный указатель: с. 317-320.
|
| 606 |
|
|
|a Полимеры
|x Свойства
|2 stltpush
|3 (RuTPU)RU\TPU\subj\70989
|9 85110
|
| 610 |
1 |
|
|a термостойкие материалы
|
| 610 |
1 |
|
|a теплостойкие материалы
|
| 610 |
1 |
|
|a типы
|
| 610 |
1 |
|
|a макромолекулы
|
| 675 |
|
|
|a 678.01
|v 3
|
| 700 |
|
1 |
|a Аскадский
|b А. А.
|g Андрей Александрович
|
| 801 |
|
1 |
|a RU
|b 63413507
|c 20050616
|g PSBO
|
| 801 |
|
2 |
|a RU
|b 63413507
|c 20180207
|g PSBO
|
| 900 |
|
|
|a Перспективные материалы и технологии в электроизоляционной технике
|
| 942 |
|
|
|c BK
|